Les Nostres devocions. (Record no. 167770)

MARC details
000 -LEADER
campo de control de longitud fija 00884nam a2200157 i 4500
001 - NÚMERO DE CONTROL
campo de control 167770
003 - IDENTIFICADOR DE NÚMERO DE CONTROL
campo de control ES-MaACL
005 - FECHA Y HORA DE LA ÚLTIMA TRANSACCIÓN
campo de control 20230906213607.0
008 - DATOS DE LONGITUD FIJA--INFORMACIÓN GENERAL
campo de control de longitud fija 191121m19551970sp | |||||||| ||cat d
245 04 - MENCIÓN DEL TÍTULO
Título Les Nostres devocions.
260 ## - PUBLICACIÓN, DISTRIBUCIÓN, ETC.
Lugar de publicación, distribución, etc. Barcelona :
Nombre del editor, distribuidor, etc. Torrell de Reus,
Fecha de publicación, distribución, etc. 1955-1970.
300 ## - DESCRIPCIÓN FÍSICA
Extensión 9 v. :
Otras características físicas il. ;
Dimensiones 34 cm.
505 8# - NOTA DE CONTENIDO CON FORMATO
Nota de contenido con formato Contiene: 6. La Mare de Déu de Lord, dels Colls i de la Pietat -- 7. Santa Maria de Scala-Dei (el Priorat) -- 8. Sant Jordi Màrtir, patró del principat -- 9. La Sagrada Família (Barcelona) -- 10. La Mare de Déu de la Mercè (Barcelona)) -- 11. Santa Maria de Poblet (Conca de Barberà) -- 12. Santa Maria de Pedralbes, assumpció de la Verge Maria -- 14. Sant Josep Oriol, taumaturg barceloní -- 15. La Mare de Déu de l'Abellera, Prades (Baix Camp)
650 #4 - PUNTO DE ACCESO ADICIONAL DE MATERIA--TÉRMINO DE MATERIA
Término de materia o nombre geográfico como elemento de entrada Virgen María-
Subdivisión general Culto-
Subdivisión geográfica Cataluña.
9 (RLIN) 168827
852 ## - LOCALIZACIÓN
Ubicación ES-MaACL
Número de control de estantería P-1062
Holdings
Estatus retirado Estado de pérdida Estado de daño No para préstamo Biblioteca de origen Biblioteca actual Ubicación en estantería Fecha de adquisición Fuente de adquisición Total de préstamos Signatura topográfica completa Código de barras Visto por última vez Precio de reemplazo Tipo de ítem Koha
        Biblioteca del Ateneo de Madrid Biblioteca del Ateneo de Madrid Depósito 2 21/11/2019     P-1062 1201269 23/02/2023 23/02/2023 Libro impreso